=LDR 00000nam 2200000 4500 =001 INLIS000000000000441 =005 20150313092102.0 =006 =007 =008 Ind =035 ##$$0010-061300000000441 =041 ##$$a Ind =082 ##$$a 300.07 =090 ##$$a 300.07 Abu i =100 ##$$a Abu Ahmadi =245 ##$$a Ilmu sosial dasar / Abu Ahmadi =260 ##$$a Jakarta $b Rineka Cipta $c 1991 =300 ##$$a xi, 361 hlm. : ilus. ; 21 cm =650 ##$$a Ilmu Sosial =650 ##$$a Studi dan Pengajaran =850 ##$$a NBPNMAT